|
|
|
|
| LEADER |
00000nam2a2200000 4500 |
| 001 |
85261 |
| 005 |
20231031100951.0 |
| 035 |
|
|
|a (RuTPU)RU\TPU\book\91606
|
| 090 |
|
|
|a 85261
|
| 100 |
|
|
|a 20051111d1941 m y0rusy50 ca
|
| 101 |
0 |
|
|a rus
|
| 102 |
|
|
|a RU
|
| 105 |
|
|
|a a j 001zy
|
| 200 |
0 |
|
|a Ч. 1
|
| 210 |
|
|
|d 1941
|
| 215 |
|
|
|a 152 с.
|c ил.
|
| 320 |
|
|
|a Библиогр.: с. 149-150
|
| 461 |
|
1 |
|0 (RuTPU)RU\TPU\book\91958
|t Руководство к практическим занятиям по минераграфии
|f С. А. Вахромеев
|g Свердловский горный институт
|v Ч. 1
|d 1941
|
| 610 |
1 |
|
|a минераграфия
|
| 610 |
1 |
|
|a учебные пособия
|
| 610 |
1 |
|
|a практические занятия
|
| 610 |
1 |
|
|a микроскопы
|
| 610 |
1 |
|
|a минералы
|
| 610 |
1 |
|
|a рудные минералы
|
| 610 |
1 |
|
|a поляризация
|
| 610 |
1 |
|
|a твердость
|
| 610 |
1 |
|
|a травление
|
| 610 |
1 |
|
|a электропроводность
|
| 675 |
|
|
|a 549(075.8)
|v 3
|
| 801 |
|
2 |
|a RU
|b 63413507
|c 20091117
|g PSBO
|
| 942 |
|
|
|c BK
|